000 00344nam a22001337a 4500
008 250327b |||||||| |||| 00| 0 eng d
020 _a0231102429
050 _aPR641
_b.N49
100 _aCOX John D.
245 _aA New History of Early English Drama
260 _aWest sussex
_bColumbia University Press
_c1997
300 _a565p.
942 _cBK
999 _c2749
_d2749